000 00443nam a2200181Ia 4500
005 20240823062843.0
008 240823s9999||||xx |||||||||||||| ||und||
082 _A380.1 N6
100 _aMamoria C B
245 0 _aPrinciples and Practice of Marketing in India
250 _a2nd
260 _b"Kitab Mahal,Ala"
500 _aYES
650 _aManagement
_bManagement Studies
700 _a Joshi R L
942 _cBK
999 _c236866
_d236866